000 00553nam a22001937a 4500
003 KOHA_MİRAKIL
005 20251221155340.0
008 251221b tu ||||| |||| 00| 0 tur d
020 _a9789758717330
040 _aTR-AnABB
_btur
_cTR-AnABB
041 _atur
082 _a303.409561
_bORT 2007
100 1 _aMardin, Şerif,
245 1 0 _aOrta Doğu'da kültürel geçişler /
_cŞerif Mardin
260 _aAnkara :
_bDoğu Batı Yayınları,
_c2007
300 _a308 sayfa ;
_c23 cm
650 0 4 _aKültür değişimi
942 _2ddc
_cBK
999 _c9860
_d9860
900 _bGizem YORULMAZ